000 00372nam a22001337a 4500
008 230620b xxu||||| |||| 00| 0 eng d
082 _a320.96
_bOJW
100 _cC.Ojwando Abuor
245 _aWhite Highlands No More
_bA modern political history of kenya
_cVolume 1
260 _aNairobi
_bPAN African Researchers
300 _a440p
440 _vvolume 1
942 _2ddc
_cBK
999 _c1707
_d1707